Organizacion y gestion de empresas / (Registro nro. 10780)

Detalles MARC
000 -LEADER
fixed length control field 01148nam a2200277 4500
001 - CONTROL NUMBER
control field 0000021414
003 - CONTROL NUMBER IDENTIFIER
control field CO-CtgCURN
005 - DATE AND TIME OF LATEST TRANSACTION
control field 20250329191012.0
007 - PHYSICAL DESCRIPTION FIXED FIELD--GENERAL INFORMATION
fixed length control field ta
008 - FIXED-LENGTH DATA ELEMENTS--GENERAL INFORMATION
fixed length control field 160627s1995 000 0 eng d
020 ## - INTERNATIONAL STANDARD BOOK NUMBER
International Standard Book Number 9581701478
040 ## - CATALOGING SOURCE
Original cataloging agency CO-CtgCURN
Language of cataloging spa
Transcribing agency coctgcurn
082 0# - DEWEY DECIMAL CLASSIFICATION NUMBER
Classification number 658.4
Item number O377
245 00 - TITLE STATEMENT
Title Organizacion y gestion de empresas /
Statement of responsibility, etc. Luis Alberto Cabuya Montaño ... [et. al.].
260 ## - PUBLICATION, DISTRIBUTION, ETC.
Place of publication, distribution, etc. Bogotá :
Name of publisher, distributor, etc. Nomos,
Date of publication, distribution, etc. 1995.
300 ## - PHYSICAL DESCRIPTION
Extent x, 330 p.
336 ## - CONTENT TYPE
Source rdacontent
337 ## - MEDIA TYPE
Source rdamedia
Media type term sin mediacion
Media type code n
338 ## - CARRIER TYPE
Source rdacarrier
Carrier type term volumen
Carrier type code nc
505 8# - FORMATTED CONTENTS NOTE
Formatted contents note Aspectos basicos de la administracion.--Elementos y criterios de la organizacion como funcion del proceso administrativo.--Tecnicas de planeacion.--La funcion dirección.--La funcion de control en sistema.--Gestion de personal.--Gestion financiera y contable.--Estados financieros.--Gestion de producción.--Gestion de mercado
650 14 - SUBJECT ADDED ENTRY--TOPICAL TERM
Topical term or geographic name entry element Administración de empresas.
700 1# - ADDED ENTRY--PERSONAL NAME
Personal name Cabuya Montaño, Luis Alberto.
908 ## - PUT COMMAND PARAMETER (RLIN)
Put command parameter 160627
942 ## - ADDED ENTRY ELEMENTS (KOHA)
Koha item type Libros
Classification part 658.4
Item part O377
Source of classification or shelving scheme Dewey Decimal Classification
Existencias
Withdrawn status Lost status Source of classification or shelving scheme Damaged status Not for loan Collection Home library Current library Shelving location Date acquired Inventory number Total checkouts Full call number Barcode Date last seen Price effective from Koha item type Public note
    Dewey Decimal Classification     General Miguel Henríquez Castañeda Miguel Henríquez Castañeda General 03/29/2025 011434   658.4 O377 011434 03/29/2025 03/29/2025 Libros 650-ADMINS